Définitions dans le domaine de l'énergie - Statistiques

Statistiques générales
  • Ce quiz a été pris 33 fois
  • Le résultat moyen est 13 sur 33
Statistiques - réponses
Question Réponse % Correct
Energie produite par le soleil solaire
88%
Energie produite par le vent éolienne
75%
Energie produite par transformation de la force du vent éolienne
75%
Energie produite par l'eau hydraulique
71%
Energies provenant d'éléments naturels inépuisables renouvelables
71%
Qualifie les énergies inépuisables renouvelables
71%
Matière organique utilisée comme source d'énergie biomasse
67%
Energie non renouvelable issue de décomposition fossile
67%
Mélange aqueux d'hydrocarbures gaz
63%
Huile minérale autrefois appelée naphte pétrole
63%
Elément chimique de numéro atomique 92 uranium
63%
Energie issue de celle de la Terre géothermie
54%
Chauffage d'un fluide par le soleil solaire {thermique}
50%
Roche sédimentaire riche en carbone charbon
46%
Energie produite par une réaction nucléaire
46%
Energie produite par captation de la chaleur solaire par des panneaux photovoltaïque
42%
Carburant produit à partir de matériaux organiques biocarburant
33%
Instrument de récupération de la chaleur (3 mots) pompe à chaleur
33%
Gaz produit par fermentation de matière organique biogaz
29%
Energie disponible sans transformation primaire
29%
Réaction déclenchée pour produire de l'électricité fission
25%
Traitement des hydrocarbures permettant la production d'électricité combustion
21%
Objets en fin de vie déchets
17%
Energie produite par transformation de la force de l'eau hydroélectrique
17%
Produits du traitement du gaz naturel produits {gaziers}
13%
Produits du raffinage du pétrole produits {pétroliers}
13%
Energie produite par un procédé dont elle n'est pas la finalité chaleur de {récupération}
8%
Energie issue d'une transformation secondaire
8%
Energie produite par captation de la chaleur solaire par des miroirs thermodynamique
8%
Energies issue de la transformation lente d'un organisme fossiles
4%
Produite par une ou des chaufferies (3 mots) chaleur de réseau
0%
Carburants de synthèse e-carburants
0%
Bioénergie issue de la précédente (2 mots) sylviculture énergétique
0%
Aucun quiz correspondant
Distribution des résultats
% des personnes avec chaque résultat
Percentile par nombre de réponses
Votre historique - résultats
Vous n’avez pas pris ce quiz